000 00939nam a22003017a 4500
003 CHAP
005 20220329135658.0
008 971013s1949 r 00010 d
010 _a40446
011 _a41418
035 _a45544
040 _cCHAP
082 _a624.1
_bM67Y 1949
100 0 0 _aMorley, Arthur.
_978834
245 _aTeoría de las estructuras
250 _a3 ed.
260 _aMéxico, D.F. :
_bEd. Nacional,
_c1949
300 _a732 p.
_b: ilus
590 _aBATCH-UPD
_b10
_c20130110
_lUCH01
_h1706
590 _aBATCH-UPD
_b10
_c20130410
_lUCH01
_h1052
590 _aBATCH-UPD
_b10
_c20130914
_lUCH01
_h1328
590 _aCONVERSION
_b10
_c20130109
_lUCH01
_h1322
650 1 4 _aEstructuras, teoría de las.
_938487
901 _aBK
942 _cLIBRO
949 _a624.1 M67Y 1949
_bBC
_cLIBRO
_d33724000017992
_eLIBRO
_h18737
_i45544
_si
949 _a624.1 M67Y 1949
_bBC
_cLIBRO
_d33724000018008
_eLIBRO
_fc.2
_h54579
_i45544
_si
999 _c40446
_d40446